1455 1282 1632 1600 1534 1911 1187 1879 1384 1582 1066 1522 1270 1416 1079 1115 1006 1967 1438 1776 1260 1596 1969 1217 1110 1314 1958 1557 1118 1630 1886 1733 1142 1530 1265 1553 1992 1973 1625 1312 1991 1912 1463 1176 1441 1780 1551 1218 1211 1274 1053 1001 1978 1004 1165 1338 1944 1103 1718 1989 1085 1485 1280 1330 1452 1968 1433 1550 1945 1012 1872 1266 1600 1223 1650 1477 1981 1372 1666 1753 1308 1623 1691 1151 1729 1746 1515 1416 1382 1433 1851 1767 1872 1092 1842 1655 1565 1891 1452 BCNSPRNW ULIB Ver.6.0+V

เปลี่ยนเป็นภาษาไทย

Change to English
 แสดงรายละเอียดบรรณานุกรม
  กลับหน้าหลัก

Brief Record : Get Marc (ISO 2709) : E-mail record : QR code < ปิดหน้าต่าง
LEADER : 00000nam 2200000uu 4500
001    13399114925
003     ULIB
008    110219s2552||||th 000 0 tha d
099    วจ.QZ200^bอ336ก
100 0  อรพินธุ์ เพียรรุ่งเรือง
245 00 การทดสอบฤทธิ์ต้านมะเร็งของตำรับยาสมุนไพร/^cอรพินธุ์ เพียรรุ่งเรือง,จีรเดช มโนสร้อย และ อรัญญา มโนสร้อย
260    นนทบุรี:^bกรมพัฒนาการแพทย์แผนไทยและแพทย์ทางเลือกกระทรวงสาธารณสุข,^c2552
300    70 หน้า
650  7 ยาสมุนไพร^xวิจัย
650  7 มะเร็ง^xวิจัย
700 0  จีรเดช มโนสร้อย
700 0  อรัญญา มโนสร้อย
710 2  กระทรวงสาธารณสุข.^bกรมพัฒนาการแพทย์แผนไทยและแพทย์ทางเลือกกระทรวงสาธารณสุข.
945    ^p0^l0^i026528
995    ทศพร
999 ^a ใช้งานได้ทุกระบบ
รายการนี้ยังไม่มีแท็ก
คุณยังไม่ได้ล็อกอิน คุณสามารถมีกิจกรรมร่วมกับเว็บไซต์ได้ แต่ต้องล็อกอินก่อน ::
  ล็อกอิน

รายการสื่อสารสนเทศ

ลำดับที่ ประเภท เลขเรียก/บาร์โค้ด สถานที่ สถานะ
1. งานวิจัย
งานวิจัย
วจ.QZ200 อ336ก ฉ.1 
  Barcode: 026528
ห้องสมุดวิทยาเขตสวรรค์ประชารักษ์
►วิจัย
บนชั้น

รายการใกล้เคียง
    ผู้แต่ง [อรพินธุ์ เพียรรุ่งเรือง]

BibComment


ยังไม่เคยถูกคอมเมนท์

คอมเมนท์ทรัพยากรรายการนี้
  คอมเมนท์: การทดสอบฤทธิ์ต้าน..


 Copyright 2026. Bcnsprnw @Library